000
00299nam a2200121Ia 4500
008
190216s9999||||xx |||||||||||||| ||und||
100
_a
Satya Prakash
245
0
_a
Advanced Chemistry Of Rare Elements
260
_b
S Chand & Co
_c
1975
300
_a
889p
650
_a
Chemistry-Chemistry
942
_c
BK
999
_c
2551
_d
2551